000 00355nam a2200133Ia 4500
008 220217s9999||||xx |||||||||||||| ||und||
020 _a81-265-0053-0
082 _a004.67 EDD
100 _aEddy, Sandra, E Schnyder, John, E
_93413
245 0 _aTeach yourselfh XML
260 _aIDG books india
_bNew Delhi
_c2000
300 _b299
650 _aWWW
999 _c171861
_d171861